<?xml version="1.0" encoding="UTF-8"?>
<record
    xmlns:xsi="http://www.w3.org/2001/XMLSchema-instance"
    xsi:schemaLocation="http://www.loc.gov/MARC21/slim http://www.loc.gov/standards/marcxml/schema/MARC21slim.xsd"
    xmlns="http://www.loc.gov/MARC21/slim">

  <leader>00783cam a22002532a 4500</leader>
  <datafield tag="999" ind1=" " ind2=" ">
    <subfield code="c">24395</subfield>
    <subfield code="d">24395</subfield>
  </datafield>
  <controlfield tag="001">  018664</controlfield>
  <controlfield tag="003">  AR-FADEU</controlfield>
  <controlfield tag="005">20230807105255.0</controlfield>
  <controlfield tag="008">  311216n1952####xxu####################dd</controlfield>
  <datafield tag="020" ind1=" " ind2=" ">
    <subfield code="a">0-85229-163-9</subfield>
  </datafield>
  <datafield tag="040" ind1=" " ind2=" ">
    <subfield code="c">Biblioteca Ernesto S&#xE1;bato</subfield>
  </datafield>
  <datafield tag="092" ind1=" " ind2=" ">
    <subfield code="a">031</subfield>
    <subfield code="b">G786</subfield>
    <subfield code="e">EYDI</subfield>
  </datafield>
  <datafield tag="100" ind1=" " ind2=" ">
    <subfield code="a">Locke, John</subfield>
  </datafield>
  <datafield tag="245" ind1=" " ind2=" ">
    <subfield code="a">A letter concerning toleration concerning civl governmert, second essay : an essay concerning human understanding</subfield>
  </datafield>
  <datafield tag="260" ind1=" " ind2=" ">
    <subfield code="a">Chicago</subfield>
  </datafield>
  <datafield tag="260" ind1=" " ind2=" ">
    <subfield code="b">Encyclopedia Britannica, Inc.</subfield>
  </datafield>
  <datafield tag="260" ind1=" " ind2=" ">
    <subfield code="c">1952</subfield>
  </datafield>
  <datafield tag="300" ind1=" " ind2=" ">
    <subfield code="a">599 p</subfield>
  </datafield>
  <datafield tag="440" ind1=" " ind2=" ">
    <subfield code="a">Great books of the western world </subfield>
    <subfield code="n">35</subfield>
  </datafield>
  <datafield tag="546" ind1=" " ind2=" ">
    <subfield code="a">Ingl&#xE9;s</subfield>
  </datafield>
  <datafield tag="650" ind1=" " ind2=" ">
    <subfield code="a">FILOSOFIA-SIGLO XVII; FILOSOFIA-SIGLO XVIII/E/E/REVISADO/</subfield>
  </datafield>
  <datafield tag="700" ind1=" " ind2=" ">
    <subfield code="a">Robert Maynard, Hutchins, ed.</subfield>
  </datafield>
  <datafield tag="942" ind1=" " ind2=" ">
    <subfield code="c">EYDI</subfield>
    <subfield code="2">ddc</subfield>
  </datafield>
  <datafield tag="952" ind1=" " ind2=" ">
    <subfield code="0">0</subfield>
    <subfield code="1">0</subfield>
    <subfield code="2">ddc</subfield>
    <subfield code="4">0</subfield>
    <subfield code="7">0</subfield>
    <subfield code="8">EYDI</subfield>
    <subfield code="a">AR-FADEU</subfield>
    <subfield code="b">AR-FADEU</subfield>
    <subfield code="c">EYDI</subfield>
    <subfield code="d">2017-02-22</subfield>
    <subfield code="i">01111</subfield>
    <subfield code="l">0</subfield>
    <subfield code="o">031 G786</subfield>
    <subfield code="p">01111</subfield>
    <subfield code="r">2017-02-22 00:00:00</subfield>
    <subfield code="w">2017-02-22</subfield>
    <subfield code="y">EYDI</subfield>
    <subfield code="z">v. 35</subfield>
  </datafield>
</record>
